| 000 | 00327 a2200133 4500 | ||
|---|---|---|---|
| 001 | 12568 | ||
| 082 | _a629.133 MUN | ||
| 090 |
_c9580 _d9580 |
||
| 100 | _aMunson,K | ||
| 245 | _aUnmanned Aerial Vehicles and Targets, Jane's issue 25-November 2005, 25/e | ||
| 250 | _a25 | ||
| 260 |
_aUK _bJane's _c2005 |
||
| 300 | _a643 p. | ||
| 942 |
_aNUST-CAE _k629.133 MUN |
||
| 999 |
_c247641 _d247641 |
||